000 00456nam a2200205Ia 4500
001 109568
003 YMCAF
005 20230512162355.0
008 100717s2003 ||||||||||||||||| ||und|d
024 _a109568
035 _aWB555
040 _aYMCAF
_beng
_cIN-KoLT
041 _aeng
082 _a629.804
_b2 JEL
100 _aJelali, Mohieddine
245 0 _aHydraulic Servo systems
260 _bSpringer
_c2003
300 _a355
942 _2ddc
_cBK
999 _c11525
_d11525